| 000 | 00529nam a2200193 a 4500 | ||
|---|---|---|---|
| 005 | 20210223132327.0 | ||
| 008 | 140402s2006 mx r 000 0 spa d | ||
| 020 | _a970688887X | ||
| 035 | _aUPN01000196810 | ||
| 049 | _aC | ||
| 050 | 4 |
_aQH541.5 S3 _bA8.4 |
|
| 245 | 0 | 0 |
_aAtlas de los océanos / _btr. Marta Sancho Viamonte. |
| 260 |
_aMéxico : _bSM, _cc2006. |
||
| 300 |
_a96 p. : _bil. col. |
||
| 534 |
_pTítulo original: _tAtlas des océans |
||
| 650 | 4 |
_aOCEANO - _vATLAS _923124 |
|
| 905 | _aLibro | ||
| 999 |
_c168911 _d168911 |
||